02773cam a22002774a 45000010009000000050017000090080041000260100017000670200029000840200026001130820022001391000034001612450103001952600051002983000033003495040066003825050514004485201093009626500050020556530017021057000027021229420012021499990017021619520158021789520159023361683594820130516134810.0110620s2011 nyua b 001 0 eng  a 2011019455 a9780521110020 (hardback) a0521110025 (hardback)00a621.3822223bMAN1 aManolakis, Dimitris G.93314810aApplied digital signal processing :btheory and practice /cDimitris G. Manolakis, Vinay K. Ingle. aNew York :bCambridge University Press,c2011. axv, 991 p. :bill. ;c26 cm. aIncludes bibliographical references (p. [968]-976) and index.8 aMachine generated contents note: 1. Introduction; 2. Discrete-time signals and systems; 3. The z-transform; 4. Fourier analysis of signals; 5. Transform analysis of LTI systems; 6. Sampling theory and practice; 7. The discrete Fourier transform; 8. Computation of the discrete Fourier transform; 9. Structures for discrete-time systems; 10. Filter design techniques; 11. Sampling rate conversion; 12. Filter banks; 13. Random signals; 14. Spectral analysis and optimum filtering; 15. Practical considerations. a"Master the basic concepts and methodologies of digital signal processing with this systematic introduction, without the need for an extensive mathematical background. The authors lead the reader through the fundamental mathematical principles underlying the operation of key signal processing techniques, providing simple arguments and cases rather than detailed general proofs. Coverage of practical implementation, discussion of the limitations of particular methods and plentiful MATLAB illustrations allow readers to better connect theory and practice. A focus on algorithms that are of theoretical importance or useful in real-world applications ensures that students cover material relevant to engineering practice, and equips students and practitioners alike with the basic principles necessary to apply DSP techniques to a variety of applications. Chapters include worked examples, problems and computer experiments, helping students to absorb the material they have just read. Lecture slides for all figures and solutions to the numerous problems are available to instructors"-- 0aSignal processingxDigital techniques.933226 bElecMay20131 aIngle, Vinay K.933227 2ddccBB c17476d17448 00102ddc40708BaccahaMAINbMAINc1STd2013-05-16epurchaseg542.00h17733l1m2o621.3822 MANp000028747r2025-07-15 00:00:00s2019-05-12v677.50yBB 00102ddc40708BaccahaMAINbMAINc1STd2013-05-16epurchaseg542.00h17733l2m15o621.3822 MANp000028748r2025-07-15 00:00:00s2020-01-26v677.50yBB